000 01046camaa2200337Mu 4500
001 97861
005 20230410132631.0
008 991210s2006 sp 000 0 spa d
035 _a(OCoLC)ocn434230457
040 _aBNM
_erdc
_bspa
_cBNM
016 7 _abimoBNE19996690821
_2SpMaBN
017 _aB 26042-1999
020 _a8433908995
020 _a9788433908995
035 _a(OCoLC)434230457
041 1 _aspa
_heng
050 1 4 _aPS 3505
_bC246p 2006
082 0 0 _a821.111
049 _aGRAL
100 1 _aCapote, Truman,
_d1924-1984.
245 1 4 _aLos perros ladran :
_bpersonajes públicos y lugares privados /
_cTruman Capote ; traducción de Damián Alou.
250 _a4a ed.
260 _aBarcelona :
_bAnagrama,
_c2006
300 _a303 p.
_c22 cm.
440 0 _aBiblioteca Truman Capote ;
_v429
500 _aTraducido del idioma ingles: the dogs bark, public people and private places
800 1 _aCapote, Truman
_d1924-1984
_tBiblioteca Truman Capote.
942 _2lcc
_cbk
946 _amjcruz
994 _aC0
_bDRFGD
999 _c85024
_d85024